000 03350cam a2200457 i 4500
001 GVRL2WU4
003 MiFhGG
005 20250820004435.0
006 m o d
007 cr un ---uuuua
008 191219t20202020cau ob 001 0 eng d
020 _a9781440868573
_q(electronic book)
020 _z9781440868566
_q(hardcover)
035 _a(OCoLC)1137737437
040 _aMiFhGG
_beng
_cMiFhGG
_erda
_epn
050 4 _aBL65.E36
_bS86 2020
100 1 _aStone, Lora,
_eauthor.
245 1 0 _aReligion and environmentalism :
_bexploring the issues /
_cLora Stone.
250 _aFirst edition.
264 1 _aSanta Barbara, California :
_bABC-CLIO, an imprint of ABC-CLIO, LLC,
_c[2020]
264 4 _c�2020
300 _a1 online resource (xxxiv, 195 pages).
336 _atext
_btxt
_2rdacontent
337 _acomputer
_bc
_2rdamedia
338 _aonline resource
_bcr
_2rdacarrier
490 1 _aReligion in politics and society today
490 0 _aGale eBooks
504 _aIncludes bibliographical references and index.
505 0 _aAlliance of Religions and Conservation -- Animism -- Assisi Declarations -- Bartholomew I of Constantinople -- Biodiversity -- Buddhism -- Christianity -- Climate change -- Dalai Lama -- Daoism -- Deforestation -- Ecofeminism -- Ecotheology -- Energy -- Environmental justice -- Evangelical Environmental Network -- Folk religions -- Food security -- Francis of Assisi -- Gaia hypothesis -- Green Pilgrimage Network -- Greening of religion hypothesis -- Hinduism -- Hydraulic fracturing -- Interfaith power and light -- Islam -- Islamic Foundation for Ecology and Environmental Sciences -- Jainism -- Judaism -- Laudato Si' -- Marine conservation -- National Religious Partnership for the Environment -- Nature religions -- New Age Movement -- Overpopulation -- Paganism -- Paris Agreement -- Pollution -- Pope Francis I -- Religious Environmental Movement -- Religious naturalism -- Shinto -- Shiva, Vandana -- Sikhism -- Socially responsible investment -- Soil conservation -- Sustainability -- Teilhard de Chardin, Pierre -- Traditional ecological knowledge -- Vegetarianism -- Water -- White, Lynn Townsend, Jr. -- World Council of Churches.
520 _aThis book discusses religiously motivated environmentalism, with both a global overview of the subject and a detailed discussion of key figures, concepts, organizations, events, and documents. It explores the history and context of religious environmentalism and its significance today. Includes a chronology of important events, entries with information about people, places, events, movements, works, and other topics, cross-references, further resources, and bibliography.
588 _aDescription based on print version record.
650 0 _aHuman ecology
_xReligious aspects.
650 0 _aEnvironmentalism
_xReligious aspects.
650 0 _aEnvironmental responsibility
_xReligious aspects.
710 2 _aGale (Firm)
776 0 8 _iPrint version:
_tReligion and environmentalism.
_dSanta Barbara, California : ABC-CLIO, an imprint of ABC-CLIO, LLC, [2020]
_z9781440868566
_w(DLC) 2019057088
830 0 _aReligion in politics and society today.
856 4 0 _uhttps://link.gale.com/apps/pub/2WU4/GVRL?sid=gale_marc&u=phurs
_zAvailable via Gale eBooks. Click here to access
912 _a2WU4
942 _2lcc
_cE-BOOK
999 _c84327
_d84325